Marvel Characters Real Names - Statistics

General Stats
  • This quiz has been taken 61 times
    41 since last reset
  • The average score is 41 of 58
Answer Stats
Hint Answer % Correct
Steve Rogers Captain America
92%
Tony Stark Iron Man
92%
Peter Parker Spider Man
92%
Thor Odinson Thor
92%
Scott Lang/Hank Pym Ant Man
89%
T’challa Black Panther
89%
Stephen Strange Doctor Strange
89%
Bruce Banner Hulk
89%
Natasha Romanoff Black Widow
87%
Matt Murdock Daredevil
87%
Clint Barton Hawkeye
87%
Pietro Maximoff Quicksilver
87%
Wanda Maximoff Scarlet Witch
87%
Sam Wilson Falcon
84%
Loki Laufeyson Loki
84%
Peter Quill Star Lord
84%
James Barnes The Winter Soldier
84%
Wade Wilson Deadpool
82%
Reed Richards Mr Fantastic
82%
Charles Xavier Professor X
82%
Hope Van Dyne/ Janet Van Dyne Wasp
82%
Scott Summers Cyclops
76%
Johnny Storm Human Torch
76%
Susan Storm Invisible Woman
76%
Ororo Munroe Storm
76%
The Mad Titan Thanos
76%
Eddie Brock Venom
76%
Victor Van Doom Doctor Doom
74%
Frank Castle Punisher
74%
Ben Grimm The Thing
71%
Wilson Fisk Kingpin
68%
Erik Lenshier Magneto
68%
Adrian Toomes Vulture
68%
Hank McCoy Beast
66%
Danny Rand Iron fist
66%
Quinten Beck Mysterio
66%
Ivan Vanko Whiplash
66%
Cletus Cassidy Carnage
63%
Erik Killmonger Killmonger
63%
Raven Mystique
63%
James Howlett Wolverine
63%
Bobby Drake Iceman
61%
Piotr Rasputin Colossus
58%
Obidiah Stane Iron Monger
58%
Powerman Luke cage
58%
Johann Schmidt Red Skull
58%
Emil Blonsky Abomination
55%
Alex Summers Havok
55%
Max Dillon Electro
53%
Jewel Jessica jones
53%
Aleksei Systevitch Rhino
53%
Victor Creed Sabretooth
47%
Darren Cross Yellowjacket
47%
MacDonald Gargan Scorpion
45%
Cain Marko Juggernaut
42%
Jean Grey Dark Phoenix
37%
Samuel Sterns The Leader
32%
Anton Vanko Crimson Dynamo
24%
No matching quizzes found
Score Distribution
Percent of People with Each Score
Percentile by Number Answered
Your Score History
You have not taken this quiz since the last reset